000 00359nam a2200157Ia 4500
005 20241113061815.0
008 240331s9999 xx 000 0 und d
020 _a0140255621
082 _bMUL
_a823
100 _aMuller,C
245 0 _aColombo
_bA Novel
260 _aNew Delhi
_bPenguin Books
_c1995
300 _a481 p .,
650 _aA Novel
942 _cL
999 _c5383
_d5383